000 00319nam a22001457a 4500
008 230613b ||||| |||| 00| 0 eng d
020 _a0387940251
041 _aeng
080 _2FOURTH EDITION
_a61
082 _a61TAY
100 _a5
101 _aMJP
245 _aFAMILY MEDICINE
_cTAYLOR.B.R
942 _2udc
_cBK
999 _c59949
_d59949